| 000 | nam a22 7a 4500 | ||
|---|---|---|---|
| 999 |
_c330049 _d330049 |
||
| 003 | NUST | ||
| 005 | 20170606131759.0 | ||
| 008 | 170606b xxu||||| |||| 00| 0 eng d | ||
| 020 | _a9788177543483 | ||
| 040 | _c0 | ||
| 082 | _a550.28 SAH | ||
| 100 |
_aSahu,D.D _92095 |
||
| 245 |
_aRemote Sensing: _bTechniques in Agriculture _cD.D.Sahu |
||
| 260 |
_aIndia _bAgrobios _c2012 |
||
| 300 | _a240p. | ||
| 500 | _aH.B | ||
| 942 |
_2ddc _cBK _k550.28 SAH |
||